[Event "Montigny le Bretonneux op 19th"]
[Site "Montigny le Bretonneux"]
[Date "2021.10.29"]
[Round "7"]
[White "Brisse, Axel"]
[Black "Romero, Michel"]
[Result "0-1"]
[WhiteElo "1695"]
[BlackElo "1697"]
[PlyCount "92"]
[EventDate "2021.10.23"]
[EventType "swiss"]
[EventRounds "7"]
[EventCountry "FRA"]
[SourceTitle "CBM 204 Extra"]
[Source "ChessBase"]
[SourceDate "2021.11.30"]
[SourceVersion "1"]
[SourceVersionDate "2021.11.30"]
[SourceQuality "1"]

1. Nf3 d6 2. c4 e5 3. Nc3 Nf6 4. d4 Nbd7 5. g3 Be7 6. Bg2 0-0 7. 0-0 h6 8. b3 c6 9. Qc2 exd4 10. Nxd4 Ne5 11. Ba3 Qa5 12. Bb2 Rd8 13. Rfd1 Bf8 14. Rd2 Bg4 15. Ne4 Nxe4 16. Bxe4 Re8 17. Nf5 Rad8 18. Rad1 Bxf5 19. Bxf5 a6 20. Bh7+ Kh8 21. Be4 Nd7 22. Bc3 Qg5 23. Bb4 Nf6 24. Bg2 Qe5 25. e3 Be7 26. Rd3 Ne4 27. Rd4 Nf6 28. Ba3 a5 29. Qd2 c5 30. Rd3 Ne4 31. Qc2 f5 32. Rd5 Qe6 33. Bh3 Rf8 34. R1d3 Qg6 35. Bb2 h5 36. Qe2 h4 37. Qf3 Ng5 38. Qg2 hxg3 39. hxg3 Qh7 40. Kh2 Bf6 41. Ba3 Be7 42. Bb2 Qh5 43. g4 fxg4 44. f4 gxh3 45. Qf1 Qg4 46. e4 Rxf4 0-1